1904 1765 1934 1618 1589 1341 1197 1708 1092 1223 1971 1687 1442 1299 1033 1557 1304 1950 1035 1498 1165 1337 1307 1478 1354 1719 1541 1822 1543 1830 1979 1513 1708 1521 1029 1368 1858 1558 1750 1565 1737 1427 1689 1261 1369 1809 1477 1630 1784 1928 1169 1008 1000 1192 1602 1853 1041 1617 1529 1962 1970 1245 1091 1630 1027 1689 1854 1224 1264 1603 1174 1205 1737 1946 1701 1164 1677 1116 1285 1644 1304 1510 1031 1011 1150 1161 1070 1540 1188 1072 1392 1559 1646 1839 1421 1244 1816 1883 1488 BCNSPRNW ULIB Ver.6.0+V

เปลี่ยนเป็นภาษาไทย

Change to English
 แสดงรายละเอียดบรรณานุกรม
  กลับหน้าหลัก

Brief Record : Get Marc (ISO 2709) : E-mail record : QR code < ปิดหน้าต่าง
LEADER : 00000nam 2200000uu 4500
001    13399114135
003     ULIB
008    120222s||||||||th 000 0 tha d
020    ^a9786117089046
060 04 ^aWY100^bพ282ก
100 0  ^aพรศิริ พันธสี
245 10 ^aกระบวนการพยาบาล & แบบแผนสุขภาพ :^bการประยุกต์ใช้ทางคลินิก=^bNursing process & functional health pattern : application in clinical practice /^cพรศิริ พันธสี
246 31 ^aNursing process & functional health pattern : applicationin clinical practice
250    ^aพิมพ์ครั้งที่ 6
260    ^aกรุงเทพฯ :^bพิมพ์อักษร,^c2554
300    ^aก-ฎ, 334 หน้า ;^c26 ซม.
650  7 ^aกระบวนการพยาบาล
650  7 ^aการพยาบาล, การวินิจฉัย
650  7 ^aสุขภาพ
650  7 ^aการพยาบาล
945    ^p220^l0^i031051
945    ^p220^l0^i031052
995    ^aเกษร
999    ^aใช้งานได้ทุกระบบ
รายการนี้ยังไม่มีแท็ก
คุณยังไม่ได้ล็อกอิน คุณสามารถมีกิจกรรมร่วมกับเว็บไซต์ได้ แต่ต้องล็อกอินก่อน ::
  ล็อกอิน

รายการสื่อสารสนเทศ

ลำดับที่ ประเภท เลขเรียก/บาร์โค้ด สถานที่ สถานะ
1. วิทยาศาสตร์การแพทย์ และสุขภาพ
วิทยาศาสตร์การแพทย์ และสุขภาพ
สถานะ=หนังสือเก่า
WY100 พ282ก ฉ.1 
  Barcode: 031051
ห้องสมุดวิทยาเขตนครสวรรค์
►ส่วนจัดเก็บหนังสือเก่า นว.
บนชั้น
  ขอยืม

รายการใกล้เคียง
    ผู้แต่ง [พรศิริ พันธสี]

    หัวเรื่อง [กระบวนการพยาบาล]
    หัวเรื่อง [การพยาบาล, การวินิจฉัย]
    หัวเรื่อง [สุขภาพ]
    หัวเรื่อง [การพยาบาล]

BibComment


ยังไม่เคยถูกคอมเมนท์

คอมเมนท์ทรัพยากรรายการนี้
  คอมเมนท์: กระบวนการพยาบาล ..


 Copyright 2026. Bcnsprnw @Library